<?xml version="1.0" encoding="UTF-8"?>
<record
    xmlns:xsi="http://www.w3.org/2001/XMLSchema-instance"
    xsi:schemaLocation="http://www.loc.gov/MARC21/slim http://www.loc.gov/standards/marcxml/schema/MARC21slim.xsd"
    xmlns="http://www.loc.gov/MARC21/slim">

  <leader>00217nam a22001217a 4500</leader>
  <datafield tag="040" ind1=" " ind2=" ">
    <subfield code="c">SK</subfield>
  </datafield>
  <datafield tag="082" ind1=" " ind2=" ">
    <subfield code="a">630</subfield>
  </datafield>
  <datafield tag="100" ind1=" " ind2=" ">
    <subfield code="a">NA</subfield>
  </datafield>
  <datafield tag="245" ind1=" " ind2=" ">
    <subfield code="a">Eglish for agriculture</subfield>
  </datafield>
  <datafield tag="260" ind1=" " ind2=" ">
    <subfield code="a">NA</subfield>
    <subfield code="b">NA</subfield>
    <subfield code="c">NA</subfield>
  </datafield>
  <datafield tag="300" ind1=" " ind2=" ">
    <subfield code="a">49p.</subfield>
  </datafield>
  <datafield tag="942" ind1=" " ind2=" ">
    <subfield code="c">EK</subfield>
  </datafield>
  <datafield tag="999" ind1=" " ind2=" ">
    <subfield code="c">8592</subfield>
    <subfield code="d">8592</subfield>
  </datafield>
  <datafield tag="952" ind1=" " ind2=" ">
    <subfield code="0">0</subfield>
    <subfield code="1">0</subfield>
    <subfield code="4">0</subfield>
    <subfield code="6">630_000000000000000_NA_NA_C236</subfield>
    <subfield code="7">0</subfield>
    <subfield code="9">48884</subfield>
    <subfield code="a">LBC</subfield>
    <subfield code="b">LBC</subfield>
    <subfield code="c">C236</subfield>
    <subfield code="d">2016-08-05</subfield>
    <subfield code="o">630  NA  NA C236</subfield>
    <subfield code="p">RUA045351</subfield>
    <subfield code="r">2016-08-05</subfield>
    <subfield code="y">EK</subfield>
  </datafield>
  <datafield tag="952" ind1=" " ind2=" ">
    <subfield code="0">0</subfield>
    <subfield code="1">0</subfield>
    <subfield code="4">0</subfield>
    <subfield code="6">630_000000000000000_NA_NA_C194</subfield>
    <subfield code="7">0</subfield>
    <subfield code="9">48885</subfield>
    <subfield code="a">LBC</subfield>
    <subfield code="b">LBC</subfield>
    <subfield code="c">C194</subfield>
    <subfield code="d">2016-08-05</subfield>
    <subfield code="o">630 NA NA C194</subfield>
    <subfield code="p">RUA045846</subfield>
    <subfield code="r">2016-08-05</subfield>
    <subfield code="y">EK</subfield>
  </datafield>
  <datafield tag="952" ind1=" " ind2=" ">
    <subfield code="0">0</subfield>
    <subfield code="1">0</subfield>
    <subfield code="4">0</subfield>
    <subfield code="6">630_000000000000000_NA_NA_C194</subfield>
    <subfield code="7">0</subfield>
    <subfield code="9">48886</subfield>
    <subfield code="a">LBC</subfield>
    <subfield code="b">LBC</subfield>
    <subfield code="c">C194</subfield>
    <subfield code="d">2016-08-05</subfield>
    <subfield code="o">630 NA NA C194</subfield>
    <subfield code="p">RUA046048</subfield>
    <subfield code="r">2016-08-05</subfield>
    <subfield code="y">EK</subfield>
  </datafield>
  <datafield tag="952" ind1=" " ind2=" ">
    <subfield code="0">0</subfield>
    <subfield code="1">0</subfield>
    <subfield code="4">0</subfield>
    <subfield code="6">630_000000000000000_NA_NA_C236</subfield>
    <subfield code="7">0</subfield>
    <subfield code="9">48887</subfield>
    <subfield code="a">LBC</subfield>
    <subfield code="b">LBC</subfield>
    <subfield code="c">C236</subfield>
    <subfield code="d">2016-08-05</subfield>
    <subfield code="o">630 NA NA C236</subfield>
    <subfield code="p">RUA045204</subfield>
    <subfield code="r">2016-08-05</subfield>
    <subfield code="y">EK</subfield>
  </datafield>
  <datafield tag="952" ind1=" " ind2=" ">
    <subfield code="0">0</subfield>
    <subfield code="1">0</subfield>
    <subfield code="4">0</subfield>
    <subfield code="6">630_000000000000000_NA_NA_C236</subfield>
    <subfield code="7">0</subfield>
    <subfield code="9">48888</subfield>
    <subfield code="a">LBC</subfield>
    <subfield code="b">LBC</subfield>
    <subfield code="c">C236</subfield>
    <subfield code="d">2016-08-05</subfield>
    <subfield code="o">630  NA  NA C236</subfield>
    <subfield code="p">RUA045973</subfield>
    <subfield code="r">2016-08-05</subfield>
    <subfield code="y">EK</subfield>
  </datafield>
  <datafield tag="952" ind1=" " ind2=" ">
    <subfield code="0">0</subfield>
    <subfield code="1">0</subfield>
    <subfield code="4">0</subfield>
    <subfield code="6">630_000000000000000_NA_NA_C236</subfield>
    <subfield code="7">0</subfield>
    <subfield code="9">48889</subfield>
    <subfield code="a">LBC</subfield>
    <subfield code="b">LBC</subfield>
    <subfield code="c">C236</subfield>
    <subfield code="d">2016-08-05</subfield>
    <subfield code="o">630  NA  NA C236</subfield>
    <subfield code="p">RUA045619</subfield>
    <subfield code="r">2016-08-05</subfield>
    <subfield code="y">EK</subfield>
  </datafield>
  <datafield tag="952" ind1=" " ind2=" ">
    <subfield code="0">0</subfield>
    <subfield code="1">0</subfield>
    <subfield code="4">0</subfield>
    <subfield code="6">630_000000000000000_NA_NA_C236</subfield>
    <subfield code="7">0</subfield>
    <subfield code="9">48890</subfield>
    <subfield code="a">LBC</subfield>
    <subfield code="b">LBC</subfield>
    <subfield code="c">C236</subfield>
    <subfield code="d">2016-08-05</subfield>
    <subfield code="o">630  NA  NA C236</subfield>
    <subfield code="p">RUA045867</subfield>
    <subfield code="r">2016-08-05</subfield>
    <subfield code="y">EK</subfield>
  </datafield>
  <datafield tag="952" ind1=" " ind2=" ">
    <subfield code="0">0</subfield>
    <subfield code="1">0</subfield>
    <subfield code="4">0</subfield>
    <subfield code="6">630_000000000000000_NA_NA_C236</subfield>
    <subfield code="7">0</subfield>
    <subfield code="9">48891</subfield>
    <subfield code="a">LBC</subfield>
    <subfield code="b">LBC</subfield>
    <subfield code="c">C236</subfield>
    <subfield code="d">2016-08-05</subfield>
    <subfield code="o">630  NA  NA C236</subfield>
    <subfield code="p">RUA045961</subfield>
    <subfield code="r">2016-08-05</subfield>
    <subfield code="y">EK</subfield>
  </datafield>
  <datafield tag="952" ind1=" " ind2=" ">
    <subfield code="0">0</subfield>
    <subfield code="1">0</subfield>
    <subfield code="4">0</subfield>
    <subfield code="6">630_000000000000000_NA_NA_C236</subfield>
    <subfield code="7">0</subfield>
    <subfield code="9">48892</subfield>
    <subfield code="a">LBC</subfield>
    <subfield code="b">LBC</subfield>
    <subfield code="c">C236</subfield>
    <subfield code="d">2016-08-05</subfield>
    <subfield code="o">630  NA  NA C236</subfield>
    <subfield code="p">RUA045976</subfield>
    <subfield code="r">2016-08-05</subfield>
    <subfield code="y">EK</subfield>
  </datafield>
  <datafield tag="952" ind1=" " ind2=" ">
    <subfield code="0">0</subfield>
    <subfield code="1">0</subfield>
    <subfield code="4">0</subfield>
    <subfield code="6">630_000000000000000_NA_NA_C236</subfield>
    <subfield code="7">0</subfield>
    <subfield code="9">48893</subfield>
    <subfield code="a">LBC</subfield>
    <subfield code="b">LBC</subfield>
    <subfield code="c">C236</subfield>
    <subfield code="d">2016-08-05</subfield>
    <subfield code="o">630  NA  NA C236</subfield>
    <subfield code="p">RUA045250</subfield>
    <subfield code="r">2016-08-05</subfield>
    <subfield code="y">EK</subfield>
  </datafield>
  <datafield tag="952" ind1=" " ind2=" ">
    <subfield code="0">0</subfield>
    <subfield code="1">0</subfield>
    <subfield code="4">0</subfield>
    <subfield code="6">630_000000000000000_NA_NA_C236</subfield>
    <subfield code="7">0</subfield>
    <subfield code="9">48894</subfield>
    <subfield code="a">LBC</subfield>
    <subfield code="b">LBC</subfield>
    <subfield code="c">C236</subfield>
    <subfield code="d">2016-08-05</subfield>
    <subfield code="o">630  NA  NA C236</subfield>
    <subfield code="p">RUA045614</subfield>
    <subfield code="r">2016-08-05</subfield>
    <subfield code="y">EK</subfield>
  </datafield>
  <datafield tag="952" ind1=" " ind2=" ">
    <subfield code="0">0</subfield>
    <subfield code="1">0</subfield>
    <subfield code="4">0</subfield>
    <subfield code="6">630_000000000000000_NA_NA_C236</subfield>
    <subfield code="7">0</subfield>
    <subfield code="9">48895</subfield>
    <subfield code="a">LBC</subfield>
    <subfield code="b">LBC</subfield>
    <subfield code="c">C236</subfield>
    <subfield code="d">2016-08-05</subfield>
    <subfield code="o">630  NA  NA C236</subfield>
    <subfield code="p">RUA046051</subfield>
    <subfield code="r">2016-08-05</subfield>
    <subfield code="y">EK</subfield>
  </datafield>
</record>
